LEADER 04377nam 2200673 450 001 9910460999203321 005 20200520144314.0 010 $a1-5231-3743-6 010 $a1-118-99941-X 010 $a1-119-01512-X 035 $a(CKB)3710000000433724 035 $a(EBL)1895890 035 $a(SSID)ssj0001517289 035 $a(PQKBManifestationID)11835249 035 $a(PQKBTitleCode)TC0001517289 035 $a(PQKBWorkID)11500800 035 $a(PQKB)10514953 035 $a(DLC) 2014043237 035 $a(MiAaPQ)EBC1895890 035 $a(MiAaPQ)EBC4040424 035 $a(Au-PeEL)EBL4040424 035 $a(CaPaEBR)ebr11069598 035 $a(OCoLC)894183752 035 $a(Au-PeEL)EBL1895890 035 $a(EXLCZ)993710000000433724 100 $a20150708h20152015 uy 0 101 0 $aeng 135 $aur|n|---||||| 181 $ctxt 182 $cc 183 $acr 200 00$aSystems engineering handbook $ea guide for system life cycle processes and activities /$fprepared by International Council on Systems Engineering (INCOSE) ; compiled and edited by, David D. Walden, ESEP [and four others] 205 $aFourth edition. 210 1$aHoboken, New Jersey :$cWiley,$d2015. 210 4$d©2015 215 $a1 online resource (305 p.) 300 $aIncludes index. 311 $a1-118-99940-1 320 $aIncludes bibliographical references and index. 327 $a3.2.2 Decision Gates3.3 Life Cycle Stages; 3.3.1 Concept Stage; 3.3.2 Development Stage; 3.3.3 Production Stage; 3.3.4 Utilization Stage; 3.3.5 Support Stage; 3.3.6 Retirement Stage; 3.4 Life Cycle Approaches; 3.4.1 Iteration and Recursion; 3.4.2 Sequential Methods; 3.4.3 Incremental and Iterative Methods; 3.5 What Is Best for Your Organization, Project, or Team?; 3.6 Introduction to Case Studies; 3.6.1 Case 1: Radiation Therapy-The Therac-25; 3.6.2 Case 2: Joining Two Countries-The Øresund Bridge; 3.6.3 Case 3: Prototype System-The Superhigh-Speed Train in China 327 $a3.6.4 Case 4: Cybersecurity Considerations in Systems Engineering-The Stuxnet Attack on a Cyber-Physical System3.6.5 Case 5: Design for Maintainability-Incubators; Chapter 4 Technical Processes; 4.1 Business or Mission Analysis Process; 4.1.1 Overview; 4.1.2 Elaboration; 4.2 Stakeholder Needs and Requirements Definition Process; 4.2.1 Overview; 4.2.2 Elaboration; 4.3 System Requirements Definition Process; 4.3.1 Overview; 4.3.2 Elaboration; 4.4 Architecture Definition Process; 4.4.1 Overview; 4.4.2 Elaboration; 4.5 Design Definition Process; 4.5.1 Overview; 4.5.2 Elaboration 327 $a4.6 System Analysis Process4.6.1 Overview; 4.6.2 Elaboration; 4.7 Implementation Process; 4.7.1 Overview; 4.7.2 Elaboration; 4.8 Integration Process; 4.8.1 Overview; 4.8.2 Elaboration; 4.9 Verification Process; 4.9.1 Overview; 4.9.2 Elaboration; 4.10 Transition Process; 4.10.1 Overview; 4.11 Validation Process; 4.11.1 Overview; 4.11.2 Elaboration; 4.12 Operation Process; 4.12.1 Overview; 4.12.2 Elaboration; 4.13 Maintenance Process; 4.13.1 Overview; 4.13.2 Elaboration; 4.14 Disposal Process; 4.14.1 Overview; Chapter 5 Technical Management Processes; 5.1 Project Planning Process 327 $a5.1.1 Overview 330 $aA detailed and thorough reference on the discipline and practice of systems engineering The objective of the International Council on Systems Engineering (INCOSE) Systems Engineering Handbook is to describe key process activities performed by systems engineers and other engineering professionals throughout the life cycle of a system. The book covers a wide range of fundamental system concepts that broaden the thinking of the systems engineering practitioner, such as system thinking, system science, life cycle management, specialty engineering, system of systems, and agile and iterative method 606 $aSystems engineering$vHandbooks, manuals, etc 606 $aProduct life cycle$vHandbooks, manuals, etc 608 $aElectronic books. 615 0$aSystems engineering 615 0$aProduct life cycle 676 $a620.001/1 702 $aWalden$b David D. 712 02$aInternational Council on Systems Engineering. 801 0$bMiAaPQ 801 1$bMiAaPQ 801 2$bMiAaPQ 906 $aBOOK 912 $a9910460999203321 996 $aSystems engineering handbook$92463978 997 $aUNINA LEADER 00872oam 22003131 450 001 9910727301203321 005 20230510132017.0 035 $a(Uk-CbPIL)acta-Z000025238 035 $a(Uk-CbPIL)Z000025238 035 $a(CKB)5500000000176078 035 $a(EXLCZ)995500000000176078 100 $a20050321e20011737 uy | 101 0 $alat 135 $aur||||||||||| 200 00$aAug. III$b[electronic resource] 210 \1$aAnn Arbor, Michigan :$cProQuest LLC,$d2001. 215 $a1 online resource 606 \ $aChristian saints 615 \0$aChristian saints. 702 $aDu Sollier$b Jean-Baptiste$f1669-1740 702 $aPinius$b Joannes 702 $aCuperus$b Guilielmus 702 $aBoschius$b Petrus 801 0$bUK-CbPIL 801 1$bUK-CbPIL 906 $aBOOK 912 $a9910727301203321 996 $aAug. III$93381977 997 $aUNINA LEADER 03096 am 2200817 n 450 001 9910166656403321 005 20161019 010 $a2-7535-5304-1 024 7 $a10.4000/books.pur.41732 035 $a(CKB)3710000001092075 035 $a(FrMaCLE)OB-pur-41732 035 $a(oapen)https://directory.doabooks.org/handle/20.500.12854/60715 035 $a(PPN)202674983 035 $a(EXLCZ)993710000001092075 100 $a20170309j|||||||| ||| 0 101 0 $afre 135 $auu||||||m|||| 181 $ctxt$2rdacontent 182 $cc$2rdamedia 183 $acr$2rdacarrier 200 14$aLes territoires de l?attente $eMigrations et mobilités dans les Amériques (XIXe-XXIe siècle) /$fLaurent Vidal, Alain Musset 210 $aRennes $cPresses universitaires de Rennes$d2016 311 $a2-7535-4026-8 330 $aCet ouvrage examine les territoires de l?attente, nés du déplacement de populations qui y ont laissé leur empreinte, et la multiplicité des formes qu?ils revêtent dans les mondes américains. Il tente d?établir leurs dimensions, de comprendre leurs statuts juridiques, leurs articulations avec l?espace environnant, leurs temporalités spécifiques ainsi que la variété des jeux économiques et sociaux qui s?y déploient. 606 $aMultidisciplinary 606 $aimmigration 606 $aAmérique 606 $aétranger 606 $amobilité spatiale 606 $aémigration et immigration 610 $aimmigration 610 $aétranger 610 $amobilité spatiale 610 $aAmérique 610 $aémigration et immigration 615 4$aMultidisciplinary 615 4$aimmigration 615 4$aAmérique 615 4$aétranger 615 4$amobilité spatiale 615 4$aémigration et immigration 700 $aÁlvarez Rojas$b Ana María$01363716 701 $aÁngel Aguilar D$b Miguel$01281634 701 $aArrais$b Raimundo$01281635 701 $aBergeron$b Yves$01281636 701 $aBeriet$b Grégory$01281637 701 $aBessière$b Jean$0387017 701 $aCampos Medina$b Luis$01281638 701 $aChrysostomo$b Isabel$01281639 701 $aCorrea$b Verónica$01281640 701 $aDa Costa Gomes$b Paulo Cesar$01281641 701 $aDewaele$b Ambre$01281642 701 $ade Jesus Chrysostomo$b Maria Isabel$01281643 701 $aFrehse$b Fraya$01281644 701 $aGiordano$b Mariana$01281645 701 $aJarak$b Diego$01281646 701 $aL. Green$b Nancy$01281647 701 $aMusset$b Alain$0903283 701 $aPoton$b Didier$01281648 701 $aRibeiro$b Leticia Parente$01281649 701 $aSánchez Estévez$b Reyna$01281650 701 $aSymington$b Micéala$01281651 701 $aVidal$b Dominique$0107888 701 $aVidal$b Laurent$0658035 701 $aVidal$b Laurent$0658035 701 $aMusset$b Alain$0903283 801 0$bFR-FrMaCLE 906 $aBOOK 912 $a9910166656403321 996 $aLes territoires de l?attente$93384656 997 $aUNINA LEADER 04175nam 2200901Ia 450 001 9910788679603321 005 20230124191628.0 010 $a9786613888860 010 $a0-8232-4236-6 010 $a0-8232-4237-4 010 $a1-283-57641-4 010 $a0-8232-4662-0 024 7 $a10.1515/9780823242375 035 $a(CKB)3240000000065561 035 $a(EBL)3239614 035 $a(OCoLC)808367423 035 $a(SSID)ssj0000581983 035 $a(PQKBManifestationID)11330758 035 $a(PQKBTitleCode)TC0000581983 035 $a(PQKBWorkID)10540084 035 $a(PQKB)11142706 035 $a(MiAaPQ)EBC3239614 035 $a(OCoLC)830023250 035 $a(MdBmJHUP)muse14128 035 $a(DE-B1597)555084 035 $a(DE-B1597)9780823242375 035 $a(Au-PeEL)EBL3239614 035 $a(CaPaEBR)ebr10539030 035 $a(CaONFJC)MIL388886 035 $a(MiAaPQ)EBC976992 035 $a(Au-PeEL)EBL976992 035 $a(OCoLC)801363548 035 $a(EXLCZ)993240000000065561 100 $a20111101d2012 uy 0 101 0 $aeng 135 $aur|nu---|u||u 181 $ctxt 182 $cc 183 $acr 200 10$aAmerican metempsychosis$b[electronic resource] $eEmerson, Whitman, and the new poetry /$fJohn Michael Corrigan 205 $a1st ed. 210 $aNew York $cFordham University Press$d2012 215 $a1 online resource (256 p.) 300 $aDescription based upon print version of record. 311 $a0-8232-4234-X 320 $aIncludes bibliographical references and index. 327 $tFront matter --$tContents --$tAcknowledgments --$tIntroduction --$t1. The Metempsychotic Mind --$t2. The Double Consciousness --$t3. Reading the Metempsychotic Text --$t4. Writing the Metempsychotic Text --$t5. The New Poetry --$tConclusion --$tNotes --$tBibliography --$tIndex 330 $aThe ?transmigration of souls is no fable. I would it were, but men and women are only half human.? With these words, Ralph Waldo Emerson confronts a dilemma that illuminates the formation of American individualism: to evolve and become fully human requires a heightened engagement with history. Americans, Emerson argues, must realize history?s chronology in themselves?because their own minds and bodies are its evolving record. Whereas scholarship has tended to minimize the mystical underpinnings of Emerson?s notion of the self, his depictions of ?the metempsychosis of nature? reveal deep roots in mystical traditions from Hinduism and Buddhism to Platonism and Christian esotericism. In essay after essay, Emerson uses metempsychosis as an open-ended template to understand human development. In Leaves of Grass, Walt Whitman transforms Emerson?s conception of metempsychotic selfhood into an expressly poetic event. His vision of transmigration viscerally celebrates the poet?s ability to assume and live in other bodies; his American poet seeks to incorporate the entire nation into his own person so that he can speak for every man and woman. 606 $aAmerican literature$y19th century$xHistory and criticism 606 $aNational characteristics, American, in literature 606 $aSelf-consciousness (Awareness) in literature 606 $aTransmigration in literature 610 $aAmerican Literature. 610 $aEsotericism. 610 $aHinduism. 610 $aHistory of Science. 610 $aIdealism. 610 $aIdentity. 610 $aMysticism. 610 $aNeoplatonism. 610 $aPhilosophy. 610 $aPlatonism. 610 $aReligion. 610 $aRomanticism. 610 $aTranscendentalism. 615 0$aAmerican literature$xHistory and criticism. 615 0$aNational characteristics, American, in literature. 615 0$aSelf-consciousness (Awareness) in literature. 615 0$aTransmigration in literature. 676 $a810.9/353 700 $aCorrigan$b John Michael$01496282 801 0$bMiAaPQ 801 1$bMiAaPQ 801 2$bMiAaPQ 906 $aBOOK 912 $a9910788679603321 996 $aAmerican metempsychosis$93720872 997 $aUNINA